000 00643cam a2200145Ki 4500
082 _a358.120954
_bSTU
100 1 _aStubbs, Francis William,
_949798
245 1 0 _aHistory of the organization, equipment, and war services of the Regiment of Bengal Artillery
_ccompiled from published works, official records, and various private sources by Francis W. Stubbs.
260 _aLondon, England :
_bH.S. King and co.,
_c1877-1895.
300 _a3 v. :
_bmaps
500 _av. 3 published by W.H. Allen and Co.
526 _a0
_b0
_c0
_d358_120954000000000_STU
856 4 0 _uhttp://catalog.hathitrust.org/api/volumes/oclc/3850720.html
942 _2ddc
_cBK
999 _c552575
_d552575